LEADER 01852nam 2200361 n 450 001 996385611203316 005 20221108061504.0 035 $a(CKB)1000000000607824 035 $a(EEBO)2240924318 035 $a(UnM)99833983 035 $a(UnM)9928463700971 035 $a(EXLCZ)991000000000607824 100 $a19970205d1661 uy | 101 0 $aeng 135 $aurbn||||a|bb| 200 10$aThree new playes, Viz. The noble ingratitude. A pastoral-tragi-comedy. The enchanted lovers. A pastoral. The amorous fantasme. A tragi-comedy. All written by Sir Wil. Lower Knight$b[electronic resource] 210 $aLondon $cPrinted for F. Kirkman at the John Fletchers Head over against the Angel-Inn on the backside of St. Clements without Temple-Bar$d1661 215 $a[4], 101, [3]; 104; 96 p., 2 plates $cill 300 $aWith a portrait of Sir Lower preceeding the collective title page. 300 $aEach of the plays has special t.p. with separate pagination and register. The imprint on these special t.p.'s is the same excepting the printer's name reads: "Fr. Kirkman". 300 $aThe enchanted lovers has an extra (cancelland?) title page with the imprint reading: "Hague: printed by Adrain Vlack. 1658.". 300 $aSignatures: pi2 A-D¹² E4, A-D¹² E4, A-D¹² . 300 $aReproduction of the original in the Henry E. Huntington Library and Art Gallery. 330 $aeebo-0113 700 $aLower$b William$cSir,$f1600?-1662.$01002904 801 0$bCu-RivES 801 1$bCu-RivES 801 2$bCStRLIN 801 2$bWaOLN 906 $aBOOK 912 $a996385611203316 996 $aThree new playes, Viz. The noble ingratitude. A pastoral-tragi-comedy. The enchanted lovers. A pastoral. The amorous fantasme. A tragi-comedy. All written by Sir Wil. Lower Knight$92387436 997 $aUNISA LEADER 01863nam2 22003973i 450 001 CFI0162763 005 20251003044127.0 010 $a8842036404 020 $aIT$b91-6257 100 $a19911009d1990 ||||0itac50 ba 101 | $aita 102 $ait 181 1$6z01$ai $bxxxe 182 1$6z01$an 183 1$6z01$anc$2RDAcarrier 200 0 $a1$fscritti di Sergio Cardarelli ... [et al.] 210 $aRoma$aBari$cLaterza$d1990 215 $aXI, 426 p.$ctab.$d21 cm. 461 1$1001LIA0115062$12001 $aRicerche per la storia della Banca d'Italia$v1 606 $aBANCA D'ITALIA$x1859-1979$2FIR$3RAVC022310$9I 676 $a332.1$9Banche$v14 676 $a332.110945$9BANCHE CENTRALI. Italia$v21 686 $a030.5$cFINANZA CREDITO E MONETA 1900-1918$2R 686 $aDE/043.5$cFINANZA CREDITO MONETA GERMANIA 1900-1918$2R 686 $aIT/X430.7$cFONTI STATISTICHE ITALIA$2R 686 $aIT/X435.0$cFINANZA CREDITO MONETA ITALIA$2R 686 $aX30.5$cFINANZA CREDITO MONETA$2R 702 1$aCardarelli$b, Sergio$f <1953- >$3CFIV093579 801 3$aIT$bIT-000000$c19911009 850 $aIT-BN0095 $aIT-NA0079 $aIT-NA0581 $aIT-NA0095 901 $bNAP BN$cCAU $n$ 912 $aCFI0162763 950 2$aBiblioteca Centralizzata di Ateneo$cv. 1-2 in due copie; 3; 5 in 2 copie; 6; 7 in 3 tomi; 8 ; 9 ; 10$d 01POZZO LIB.ECON MON 2684$e 0101 0000185885E VMA (0001 v. 1 (Precedente collocazione DASES A 0159)$fB $h20090608$i20090608$cv. 1-2 in due copie; 3; 5 in 2 copie; 6; 7 in 3 tomi; 8 ; 9 ; 10$d 01POZZO LIB.ECON MON 2684$e 0101 0070089485E VMA (0001 bis v. (2 copia. - Precedente collocazione 8 Ec 948)$fB $h20220803$i20220803 977 $a 01$a BN$a FC$a SB 996 $a1$961339 997 $aUNISANNIO